Trees and shrubs of the Punjab / (Record no. 2783)
[ view plain ]
| 000 -LEADER | |
|---|---|
| fixed length control field | 00502nam a2200193 4500 |
| 005 - DATE AND TIME OF LATEST TRANSACTION | |
| control field | 20150311144658.0 |
| 006 - FIXED-LENGTH DATA ELEMENTS--ADDITIONAL MATERIAL CHARACTERISTICS--GENERAL INFORMATION | |
| fixed length control field | 000 |
| 007 - PHYSICAL DESCRIPTION FIXED FIELD--GENERAL INFORMATION | |
| fixed length control field | 000 |
| 008 - FIXED-LENGTH DATA ELEMENTS--GENERAL INFORMATION | |
| fixed length control field | 000 |
| 040 ## - CATALOGING SOURCE | |
| Original cataloging agency | UOEL |
| 050 ## - LIBRARY OF CONGRESS CALL NUMBER | |
| Classification number | QK490.I3 |
| Item number | I7 |
| 100 ## - MAIN ENTRY--PERSONAL NAME | |
| Personal name | Ireland, S. M. |
| 245 ## - TITLE STATEMENT | |
| Title | Trees and shrubs of the Punjab / |
| Statement of responsibility, etc | S. M. Ireland |
| 260 ## - PUBLICATION, DISTRIBUTION, ETC. (IMPRINT) | |
| Place of publication, distribution, etc | Lahore : |
| Name of publisher, distributor, etc | Uttar Chand Kapur & Sons, |
| Date of publication, distribution, etc | c1934. |
| 300 ## - PHYSICAL DESCRIPTION | |
| Extent | ix, 137 p. : |
| Other physical details | ill. |
| 500 ## - GENERAL NOTE | |
| General note | Illustrated with original sketches and photographs |
| 650 ## - SUBJECT ADDED ENTRY--TOPICAL TERM | |
| Topical term or geographic name as entry element | Trees and shrubs |
| Geographic subdivision | Punjab |
| 942 ## - ADDED ENTRY ELEMENTS (KOHA) | |
| Source of classification or shelving scheme | Library of Congress Classification |
| Item type | Loan - Normal on open shelf |
| Withdrawn status | Lost status | Source of classification or shelving scheme | Damaged status | Not for loan | Home library | Current library | Shelving location | Date acquired | Total Checkouts | Full call number | Barcode | Date last seen | Copy number | Price effective from | Koha item type |
|---|---|---|---|---|---|---|---|---|---|---|---|---|---|---|---|
| Library of Congress Classification | UOE Main Library | UOE Main Library | Open shelf | 11/03/2015 | QK490.I3 I7 | 30000559 | 27/04/2026 | 30000559 | 11/03/2015 | Loan - Normal on open shelf |
